Race and yoga

"Race and yoga is the first scholarly journal to examine issues surrounding the history, racialization, sex(ualization), and inclusivity (or lack thereof) of the yoga community."

Detalles Bibliográficos
Autor Corporativo: University of California, Berkeley
Formato: Electrónico Seriadas
Lenguaje:inglés
Publicado: [Berkeley], California : University of California Press eScholarship, 2016-
Materias:
Acceso en línea:Full text available from Research Library: 01/01/2016 to present

MARC

LEADER 00000nas a2200000 i 4500
001 ssj0002213289
003 WaSeSS
005 20200512172242.0
006 m d
007 cr n
008 170207c20169999cauar s 0 a0eng c
010 |a  2017254150 
022 |a 2576-1307 
035 |a (WaSeSS)ssj0002213289 
040 |a CUS  |b eng  |e pn  |c CUS  |d DLC  |d OCLCF  |d WaSeSS 
042 |a pcc  |a nsdp 
050 4 |a B132.Y6 
082 1 0 |a 181.45  |2 23 
222 0 |a Race and yoga 
245 0 0 |a Race and yoga  |h [electronic resource]. 
246 1 |a Race & yoga 
260 |a [Berkeley], California :  |b University of California Press eScholarship,  |c 2016- 
310 |a Annual 
362 1 |a Began with: Volume 1, issue 1 (2016). 
506 |a License restrictions may limit access. 
520 |a "Race and yoga is the first scholarly journal to examine issues surrounding the history, racialization, sex(ualization), and inclusivity (or lack thereof) of the yoga community." 
588 |a Description based on: Volume 1, issue 1 (2016); title from PDF running title (eScholarship.org, viewed February 7, 2017). 
588 |a Latest issue consulted: Volume 2, issue 1 (2017) (viewed November 29, 2017). 
650 0 |a Yoga  |x Social aspects  |v Periodicals. 
650 0 |a Body image  |v Periodicals. 
650 7 |a Body image.  |2 fast  |0 (OCoLC)fst00835344 
655 0 |a Electronic journals. 
710 2 |a University of California, Berkeley. 
856 4 0 |z Full text available from Research Library: 01/01/2016 to present  |u https://search.proquest.com/publication/4397037